Seminar on art education. 1956 (Record no. 1354463)

MARC details
000 -LEADER
fixed length control field 00495nam a2200181Ia 4500
005 - DATE AND TIME OF LATEST TRANSACTION
control field 20250508155126.0
008 - FIXED-LENGTH DATA ELEMENTS--GENERAL INFORMATION
fixed length control field 008 250505s9999 xx 000 0 eng d
037 ## - SOURCE OF ACQUISITION
Stock number Textual
040 ## - CATALOGING SOURCE
Original cataloging agency FEDL
Language of cataloging eng
Transcribing agency FEDL
041 ## - LANGUAGE CODE
Language code of text/sound track or separate title eng
Source of code eng
084 ## - COLON CLASSIFICATION NUMBER
Classification number 700.63, LAL
Assigning agency FEDL
245 #0 - TITLE STATEMENT
Title Seminar on art education. 1956
245 #0 - TITLE STATEMENT
Statement of responsibility, etc. LALIT KALA AKADAMI
260 ## - PUBLICATION, DISTRIBUTION, ETC.
Place of publication, distribution, etc. New Delhi, India
Name of publisher, distributor, etc. Lalit Kala Akadami
300 ## - PHYSICAL DESCRIPTION
Extent 153p.
942 ## - ADDED ENTRY ELEMENTS (KOHA)
Koha item type Textual
Classification part 700.63, LAL
Holdings
Withdrawn status Lost status Damaged status Not for loan Home library Current library Date acquired Total Checkouts Full call number Barcode Date last seen Price effective from Koha item type
        Department of Education Library Department of Education Library 2025-05-08   700.63, LAL EL0039277 2025-05-08 2025-05-08 Textual
Copyright @ Delhi University Library System